000 00277nam a22001097a 4500
008 170104b xxu||||| |||| 00| 0 eng d
020 _a9780323036641
041 _aeng
080 _27TH
_a618.2
245 _aNURSING DIAGNOSIS HANDBOOK
_cAckley, B.J & Ladwig, G.B
942 _2udc
_cBK
999 _c2531
_d2531